000
00233nam a22000857a 4500
008
160704b xxu||||| |||| 00| 0 eng d
100
_9
2069
_a
Majumdar, L., et al
245
_a
Mother Teresa
260
_a
New Delhi
_b
National Book Trust
_c
1988
999
_c
1766
_d
1766